[Event "Florianopolis Winter U220 op"]
[Site "Florianopolis"]
[Date "2016.08.19"]
[Round "1"]
[White "Melo, Sergio Roberto Samp"]
[Black "Faig, Cristian"]
[Result "1/2-1/2"]
[WhiteElo "1794"]
[BlackElo "2182"]
[PlyCount "118"]
[EventDate "2016.08.19"]
[EventType "swiss"]
[EventRounds "7"]
[EventCountry "BRA"]
[SourceTitle "CBM 174 Extra"]
[Source "ChessBase"]
[SourceDate "2016.10.10"]
[SourceVersion "1"]
[SourceVersionDate "2016.10.10"]
[SourceQuality "1"]

1. Nf3 Nf6 2. c4 g6 3. b3 Bg7 4. Bb2 0-0 5. g3 d5 6. Bg2 dxc4 7. bxc4 c5 8. 0-0 Nc6 9. d3 Qc7 10. Nbd2 e5 11. Ng5 Bf5 12. Nge4 Nd7 13. Nc3 Rad8 14. Nd5 Qb8 15. Ne4 h6 16. Ne3 Be6 17. Ba3 b6 18. Nxc5 Nxc5 19. Bxc5 bxc5 20. Bxc6 Kh7 21. Rb1 Qd6 22. Bd5 Bh3 23. Re1 f5 24. Bg2 Bxg2 25. Kxg2 g5 26. Qc2 g4 27. Nd5 Qg6 28. e4 f4 29. Rb7 Qh5 30. Kg1 a5 31. Qe2 Kh8 32. Reb1 Qg5 33. R1b5 h5 34. Qd2 Bh6 35. Qb2 fxg3 36. hxg3 Rde8 37. Rb8 h4 38. Rxe8 Rxe8 39. Rb8 Rxb8 40. Qxb8+ Kh7 41. Qc7+ Bg7 42. gxh4 Qxh4 43. Qe7 Qh6 44. Qf7 Qg5 45. Ne3 g3 46. Qf5+ Qxf5 47. Nxf5 gxf2+ 48. Kxf2 Bf8 49. Ne3 Kg6 50. a4 Kg5 51. Nd5 Bd6 52. Nc3 Kf4 53. Ne2+ Kg5 54. Ng3 Bf8 55. Kf3 Bd6 56. Nf5 Bf8 57. Kg3 Kh5 58. Ne3 Kg5 59. Nd5 Bd6 1/2-1/2

[Event "Florianopolis op 2nd"]
[Site "Florianopolis"]
[Date "2016.01.22"]
[Round "10"]
[White "Rodi, Luis Ernesto"]
[Black "Faig, Cristian"]
[Result "1-0"]
[WhiteElo "2346"]
[BlackElo "2175"]
[PlyCount "103"]
[EventDate "2016.01.16"]
[EventType "swiss"]
[EventRounds "10"]
[EventCountry "BRA"]
[SourceTitle "CBM 170 Extra"]
[Source "ChessBase"]
[SourceDate "2016.02.25"]
[SourceVersion "1"]
[SourceVersionDate "2016.02.25"]
[SourceQuality "1"]

1. e4 d6 2. d4 g6 3. c3 Bg7 4. Bc4 Nf6 5. Qe2 c6 6. Bb3 0-0 7. Nf3 Qc7 8. 0-0 e5 9. dxe5 dxe5 10. Rd1 Na6 11. Nbd2 Nc5 12. Bc2 a5 13. Nc4 b5 14. Ncxe5 Re8 15. Nd3 Ncxe4 16. Bf4 Nd6 17. Qd2 Nd5 18. Bg3 Ne4 19. Qe2 Qe7 20. Bh4 Qf8 21. Re1 Bg4 22. Qf1 a4 23. Nde5 Bxf3 24. Nxf3 Nd6 25. a3 Nc4 26. Rxe8 Rxe8 27. Rb1 Nf4 28. Bd3 Qc5 29. Bg3 Nd5 30. Bxc4 bxc4 31. Nd2 f5 32. Qxc4 Qb6 33. Bd6 Kh8 34. h3 h6 35. Bc5 Qb8 36. Bd4 Bxd4 37. Qxd4+ Kh7 38. c4 Nf4 39. Qd7+ Kg8 40. Nf3 c5 41. Re1 Rxe1+ 42. Nxe1 Qe5 43. Nf3 Qe4 44. Qxa4 Nxh3+ 45. gxh3 Qxf3 46. Qe8+ Kg7 47. Qe7+ Kg8 48. Qe3 Qd1+ 49. Kg2 Qd6 50. Qxh6 f4 51. Qg5 Kf7 52. Qd5+ 1-0

[Event "Florianopolis op 2nd"]
[Site "Florianopolis"]
[Date "2016.01.21"]
[Round "8"]
[White "Cruz, William Ferreira Da"]
[Black "Faig, Cristian"]
[Result "1/2-1/2"]
[WhiteElo "2274"]
[BlackElo "2175"]
[PlyCount "113"]
[EventDate "2016.01.16"]
[EventType "swiss"]
[EventRounds "10"]
[EventCountry "BRA"]
[SourceTitle "CBM 170 Extra"]
[Source "ChessBase"]
[SourceDate "2016.02.25"]
[SourceVersion "1"]
[SourceVersionDate "2016.02.25"]
[SourceQuality "1"]

1. d4 g6 2. c4 Bg7 3. Nc3 c5 4. d5 d6 5. Nf3 Nf6 6. e4 0-0 7. Bd3 e6 8. h3 exd5 9. cxd5 Re8 10. 0-0 Nbd7 11. Bf4 c4 12. Bc2 Nc5 13. Re1 a6 14. a4 Rb8 15. e5 Nh5 16. Bh2 Bf8 17. Qd4 b5 18. exd6 Rxe1+ 19. Rxe1 Nd7 20. axb5 axb5 21. Qe3 b4 22. Ne4 Nhf6 23. Qd4 Nxe4 24. Qxe4 Ba6 25. Nd4 Nc5 26. Qf4 Qd7 27. Nc6 Re8 28. Rxe8 Qxe8 29. Qe5 Qxe5 30. Bxe5 b3 31. Bb1 Bg7 32. f4 Nd7 33. Kf2 f6 34. Bc3 Kf7 35. g4 Bf8 36. Bb4 Ke8 37. h4 Nb6 38. Be4 Bc8 39. g5 fxg5 40. hxg5 Bf5 41. Ke3 Bxe4 42. Kxe4 Bxd6 43. Bc3 Na4 44. Kd4 Bxf4 45. Kxc4 Nxc3 46. Kxc3 Bxg5 47. Kxb3 h5 48. Ne5 h4 49. Kc4 h3 50. Ng4 Bf4 51. Kd4 h2 52. Nf2 Kd7 53. Ke4 g5 54. Kf3 Kd6 55. Kg2 Kxd5 56. Nh3 Ke4 57. Nxg5+ 1/2-1/2

[Event "Florianopolis op 2nd"]
[Site "Florianopolis"]
[Date "2016.01.18"]
[Round "4"]
[White "Melo, Maicon Joao"]
[Black "Faig, Cristian"]
[Result "1-0"]
[WhiteElo "1950"]
[BlackElo "2175"]
[PlyCount "66"]
[EventDate "2016.01.16"]
[EventType "swiss"]
[EventRounds "10"]
[EventCountry "BRA"]
[SourceTitle "CBM 170 Extra"]
[Source "ChessBase"]
[SourceDate "2016.02.25"]
[SourceVersion "1"]
[SourceVersionDate "2016.02.25"]
[SourceQuality "1"]

1. e4 c6 2. d4 d5 3. exd5 cxd5 4. Nf3 Nf6 5. Ne5 Nbd7 6. Bb5 e6 7. 0-0 Be7 8. c3 0-0 9. Nxd7 Bxd7 10. Bd3 b5 11. Bg5 a5 12. a3 Qb6 13. Nd2 b4 14. axb4 axb4 15. Qb3 Ra7 16. Bxf6 gxf6 17. Rxa7 Qxa7 18. Qd1 f5 19. Qh5 bxc3 20. Nf3 f6 21. bxc3 Qa3 22. Re1 Rf7 23. Re3 Qc1+ 24. Ne1 Kf8 25. Qh6+ Rg7 26. Bf1 Kg8 27. Qf4 Qa1 28. Qb8+ Kf7 29. Qc7 Qa4 30. Be2 h6 31. Qb8 Kg6 32. Qh8 Bd6 33. Bh5+ Kxh5 1-0

[Event "Florianopolis op"]
[Site "Florianopolis"]
[Date "2015.01.18"]
[Round "10"]
[White "Faig, Cristian"]
[Black "De Carvalho, Christopher"]
[Result "1/2-1/2"]
[WhiteElo "2176"]
[BlackElo "1965"]
[PlyCount "83"]
[EventDate "2015.01.14"]
[EventType "swiss"]
[EventRounds "10"]
[EventCountry "BRA"]
[SourceTitle "CBM 164 Extra"]
[Source "ChessBase"]
[SourceDate "2015.03.02"]
[SourceVersion "1"]
[SourceVersionDate "2015.03.02"]
[SourceQuality "1"]

1. e4 d6 2. d4 Nf6 3. f3 e5 4. d5 Be7 5. c4 0-0 6. Nc3 Ne8 7. Bd3 a5 8. Nge2 g6 9. h4 Bxh4+ 10. g3 Bg5 11. f4 exf4 12. Bxf4 Na6 13. Qd2 Bf6 14. 0-0-0 Ng7 15. Bh6 Be5 16. Nf4 f6 17. Bxg7 Kxg7 18. Ne6+ Bxe6 19. Qh6+ Kf7 20. Qxh7+ Ke8 21. dxe6 Qe7 22. Qxg6+ Kd8 23. Rh7 Qxe6 24. Nd5 Rc8 25. Be2 Rg8 26. Rg7 Rxg7 27. Qxg7 f5 28. Qg5+ Kd7 29. exf5 Bxb2+ 30. Kxb2 Qxe2+ 31. Rd2 Qe5+ 32. Kc2 Qe4+ 33. Kc3 Qe5+ 34. Kc2 Qe4+ 35. Kd1 Qb1+ 36. Ke2 Re8+ 37. Ne3 Qe4 38. f6 Qg2+ 39. Kd1 Qg1+ 40. Ke2 Qg2+ 41. Ke1 Qg1+ 42. Ke2 1/2-1/2

[Event "Florianopolis op"]
[Site "Florianopolis"]
[Date "2015.01.17"]
[Round "8"]
[White "Faig, Cristian"]
[Black "Da Cruz, Karoliny Taiane"]
[Result "1-0"]
[WhiteElo "2176"]
[BlackElo "1798"]
[PlyCount "87"]
[EventDate "2015.01.14"]
[EventType "swiss"]
[EventRounds "10"]
[EventCountry "BRA"]
[SourceTitle "CBM 164 Extra"]
[Source "ChessBase"]
[SourceDate "2015.03.02"]
[SourceVersion "1"]
[SourceVersionDate "2015.03.02"]
[SourceQuality "1"]

1. c4 e5 2. Nc3 Nf6 3. g3 Nc6 4. Bg2 Be7 5. Nf3 d6 6. d3 0-0 7. Rb1 a5 8. 0-0 Bg4 9. a3 d5 10. Bg5 dxc4 11. dxc4 h6 12. Bxf6 Bxf6 13. Qb3 Qc8 14. Nd5 Bf5 15. e3 a4 16. Qc3 Re8 17. Nd2 Na5 18. c5 Ra6 19. Rfc1 Nc6 20. b3 axb3 21. Rxb3 Be6 22. h4 Bxd5 23. Bxd5 Be7 24. Rcb1 Qd7 25. Bg2 Na5 26. Rb5 Rea8 27. R1b2 c6 28. R5b4 Bf6 29. Ne4 Qe6 30. Kh2 Be7 31. Rd2 f6 32. Bh3 Qf7 33. Rd7 Qe8 34. Rb1 Rd8 35. Rbd1 Rxd7 36. Rxd7 Qf8 37. Be6+ Kh8 38. Qd2 Ra8 39. Nd6 Bxd6 40. cxd6 c5 41. Rc7 Nc6 42. d7 Rxa3 43. Rxc6 Ra8 44. Rc8 1-0

[Event "Florianopolis op"]
[Site "Florianopolis"]
[Date "2015.01.16"]
[Round "6"]
[White "Faig, Cristian"]
[Black "Stamenkovic, Dragan"]
[Result "1/2-1/2"]
[WhiteElo "2176"]
[BlackElo "2409"]
[PlyCount "98"]
[EventDate "2015.01.14"]
[EventType "swiss"]
[EventRounds "10"]
[EventCountry "BRA"]
[SourceTitle "CBM 164 Extra"]
[Source "ChessBase"]
[SourceDate "2015.03.02"]
[SourceVersion "1"]
[SourceVersionDate "2015.03.02"]
[SourceQuality "1"]

1. e4 c5 2. Nf3 Nc6 3. Bb5 Qb6 4. Nc3 e6 5. 0-0 Nge7 6. Re1 a6 7. Bf1 g6 8. d3 Bg7 9. e5 0-0 10. Rb1 Nf5 11. Bg5 Qc7 12. Bf4 d6 13. exd6 Nxd6 14. Qd2 b6 15. h4 Bb7 16. h5 Nd4 17. Ne5 f6 18. Ng4 e5 19. Bh2 gxh5 20. Ne3 Bh6 21. Qd1 Qf7 22. b4 cxb4 23. Rxb4 b5 24. Ne2 Nc6 25. Rb3 Qg6 26. d4 Rad8 27. d5 Ne4 28. Ng3 Nxg3 29. Bxg3 Nd4 30. Rd3 Kh8 31. a4 b4 32. Qb1 h4 33. Qxb4 Ba8 34. c3 Bxe3 35. cxd4 Bxd4 36. Bxh4 Bxd5 37. Rg3 Qh6 38. Qe7 Ra8 39. Rh3 Qg7 40. Qd6 Bb7 41. Rb1 Rad8 42. Bxf6 Qxf6 43. Qxf6+ Rxf6 44. Rxb7 Bxf2+ 45. Kh2 h6 46. Bd3 Kg8 47. Bc4+ Kh8 48. Bd3 Kg8 49. Bc4+ Kh8 1/2-1/2

[Event "Najdorf Memorial Great fin"]
[Site "Buenos Aires"]
[Date "2000.09.10"]
[Round "1.2"]
[White "Faig, Cristian"]
[Black "Malbran, Guillermo"]
[Result "0-1"]
[WhiteElo "2137"]
[BlackElo "2399"]
[PlyCount "96"]
[EventDate "2000.09.09"]
[EventType "k.o."]
[EventRounds "4"]
[EventCountry "ARG"]
[SourceTitle "CBM 079"]
[Source "ChessBase"]
[SourceDate "2000.11.21"]
[SourceVersion "1"]
[SourceVersionDate "2000.11.21"]
[SourceQuality "1"]

1. e4 Nf6 2. e5 Nd5 3. d4 d6 4. Nf3 Bg4 5. Be2 c6 6. 0-0 Bxf3 7. Bxf3 dxe5 8. dxe5 e6 9. Nd2 Nd7 10. Re1 Qc7 11. Nc4 N7b6 12. Nxb6 Nxb6 13. Qd4 Be7 14. Qg4 g6 15. Bh6 0-0-0 16. a3 Bf8 17. Bg5 Be7 18. Be3 Nd7 19. Bd4 h5 20. Qe4 Bc5 21. Bc3 Qb6 22. Rf1 Nb8 23. Qe1 Qb5 24. a4 Qc4 25. b4 Bd4 26. Bxd4 Rxd4 27. b5 Qc5 28. Qe3 Rc4 29. Qg5 Rd8 30. Qf6 Rd7 31. Rad1 Qe7 32. bxc6 Nxc6 33. Bxc6 Rxc6 34. Qf3 Rxc2 35. a5 Rxd1 36. Rxd1 a6 37. h3 Rc5 38. Rd4 Rxe5 39. Rc4+ Kb8 40. Qc3 Qd6 41. f4 Re2 42. Rd4 Rc2 43. Qd3 Qc6 44. Rd8+ Kc7 45. Rd7+ Kb8 46. Rd8+ Ka7 47. Qg3 h4 48. Qe3+ Qc5 0-1

[Event "Buenos Aires Clas Abierto op"]
[Site "Buenos Aires"]
[Date "2000.08.26"]
[Round "8"]
[White "Cativelli, Gerardo"]
[Black "Faig, Cristian"]
[Result "1/2-1/2"]
[WhiteElo "2257"]
[BlackElo "2137"]
[PlyCount "80"]
[EventDate "2000.08.19"]
[EventType "swiss"]
[EventRounds "9"]
[EventCountry "ARG"]
[SourceTitle "EXT 2001"]
[Source "ChessBase"]
[SourceDate "2000.11.22"]
[SourceVersion "1"]
[SourceVersionDate "2000.11.22"]
[SourceQuality "1"]

1. c4 Nf6 2. Nf3 g6 3. g3 Bg7 4. Bg2 0-0 5. 0-0 d6 6. Nc3 Nc6 7. Rb1 e5 8. d3 Bf5 9. b4 e4 10. Nh4 exd3 11. Nxf5 dxe2 12. Qxe2 gxf5 13. b5 Nd4 14. Qd3 Nd7 15. Ne2 Nc5 16. Qd1 Nxe2+ 17. Qxe2 Qf6 18. Qc2 Rae8 19. Be3 Ne4 20. Rb3 Bh6 21. Bxh6 Qxh6 22. Ra3 Nd2 23. Rd1 Re2 24. Qxf5 Rfe8 25. h4 a6 26. bxa6 bxa6 27. Rxa6 Qg6 28. Qxg6+ hxg6 29. Ra7 R8e7 30. Bd5 Ne4 31. Bxe4 R2xe4 32. Rc1 Re2 33. Rc3 Rb2 34. Rf3 Rc2 35. Rf4 Kg7 36. a4 f6 37. a5 g5 38. hxg5 fxg5 39. Rd4 Kg6 40. a6 Rf7 1/2-1/2

[Event "Mar del Plata op 30th"]
[Site "Mar del Plata"]
[Date "1999.03.31"]
[Round "5"]
[White "Mondaca, Omar"]
[Black "Faig, Cristian"]
[Result "0-1"]
[WhiteElo "2180"]
[BlackElo "2234"]
[PlyCount "60"]
[EventDate "1999.03.??"]
[EventType "team"]
[EventRounds "9"]
[EventCountry "ARG"]
[SourceTitle "EXT 2000"]
[Source "ChessBase"]
[SourceDate "1999.11.16"]
[SourceVersion "1"]
[SourceVersionDate "1999.11.16"]
[SourceQuality "1"]

1. d4 Nf6 2. c4 g6 3. Nc3 Bg7 4. e4 d6 5. f3 0-0 6. Be3 a6 7. Qd2 c6 8. Bd3 b5 9. cxb5 axb5 10. Nge2 Nbd7 11. 0-0 b4 12. Nd1 c5 13. Nf2 Qa5 14. Bh6 Bxh6 15. Qxh6 Ba6 16. Bxa6 Rxa6 17. d5 c4 18. Nd4 Ne5 19. Rad1 Qc5 20. Kh1 Rxa2 21. f4 Neg4 22. Nxg4 Nxg4 23. Qh3 Qxd4 24. Qxg4 Qxb2 25. e5 c3 26. f5 b3 27. e6 fxe6 28. fxg6 Rxf1+ 29. Rxf1 Qxg2+ 30. Qxg2 Rxg2 0-1

[Event "Mar del Plata op 30th"]
[Site "Mar del Plata"]
[Date "1999.03.28"]
[Round "2"]
[White "Faig, Cristian"]
[Black "Pierrot, Juan Facundo"]
[Result "0-1"]
[WhiteElo "2234"]
[BlackElo "2442"]
[PlyCount "78"]
[EventDate "1999.03.??"]
[EventType "team"]
[EventRounds "9"]
[EventCountry "ARG"]
[SourceTitle "EXT 2000"]
[Source "ChessBase"]
[SourceDate "1999.11.16"]
[SourceVersion "1"]
[SourceVersionDate "1999.11.16"]
[SourceQuality "1"]

1. e4 e5 2. Nf3 Nc6 3. Bb5 Nf6 4. 0-0 Nxe4 5. d4 Nd6 6. Bxc6 dxc6 7. dxe5 Nf5 8. Qxd8+ Kxd8 9. Nc3 Ke8 10. g4 Ne7 11. h3 h5 12. Nh2 Ng6 13. Re1 Bb4 14. f4 hxg4 15. hxg4 Rh3 16. Re4 Bxc3 17. bxc3 Bxg4 18. Nxg4 Rg3+ 19. Kf2 Rxg4 20. Kf3 Rg1 21. f5 Ne7 22. Rh4 Rd8 23. e6 fxe6 24. fxe6 Ng6 25. Rd4 Rxd4 26. cxd4 Nf8 27. e7 Ng6 28. Bb2 Rxa1 29. Bxa1 Nxe7 30. Ke4 Kf7 31. Bc3 Ke6 32. Bd2 Nd5 33. Bg5 Nf6+ 34. Kd3 Kf5 35. Bh4 g5 36. Bg3 Nd5 37. c4 Nf4+ 38. Ke3 b5 39. cxb5 cxb5 0-1

[Event "Buenos Aires CABJ Sup"]
[Site "Buenos Aires"]
[Date "1998.12.17"]
[Round "5"]
[White "Faig, Cristian"]
[Black "Hoffman, Alejandro"]
[Result "0-1"]
[WhiteElo "2190"]
[BlackElo "2525"]
[PlyCount "100"]
[EventDate "1998.12.??"]
[EventType "tourn"]
[EventRounds "9"]
[EventCountry "ARG"]
[EventCategory "2"]
[SourceTitle "EXT 2002"]
[Source "ChessBase"]
[SourceDate "2001.11.25"]
[SourceVersion "1"]
[SourceVersionDate "2001.11.25"]
[SourceQuality "1"]

1. e4 c5 2. Nf3 d6 3. Bb5+ Nd7 4. d4 Ngf6 5. Nc3 cxd4 6. Qxd4 e5 7. Qd3 h6 8. Be3 Be7 9. 0-0 a6 10. Bc4 Qc7 11. a4 Nc5 12. Bxc5 Qxc5 13. Nd5 Nxd5 14. Qxd5 Qxd5 15. Bxd5 Rb8 16. Rfd1 Be6 17. Rd3 Bxd5 18. Rxd5 Rc8 19. c3 0-0 20. Nd2 Rc6 21. g3 g6 22. Kf1 f5 23. Ke2 Kf7 24. f3 Ke6 25. a5 Bg5 26. Ra4 fxe4 27. fxe4 Bxd2 28. Rxd2 Rc5 29. Rb4 Rf7 30. c4 g5 31. Rb6 Rc6 32. Rxc6 bxc6 33. b4 g4 34. Rb2 Rf3 35. b5 cxb5 36. cxb5 axb5 37. Ra2 Rf7 38. Kd3 Rf3+ 39. Ke2 Rf8 40. Kd3 d5 41. Kc3 dxe4 42. Kb4 e3 43. Re2 Kd5 44. Rxe3 Kd4 45. Re1 e4 46. a6 e3 47. Kxb5 Kd3 48. a7 e2 49. Kb6 Kd2 50. Ra1 e1Q 0-1

[Event "Buenos Aires CABJ Sup"]
[Site "Buenos Aires"]
[Date "1998.12.10"]
[Round "2"]
[White "Roselli Mailhe, Bernardo"]
[Black "Faig, Cristian"]
[Result "1/2-1/2"]
[WhiteElo "2385"]
[BlackElo "2190"]
[PlyCount "78"]
[EventDate "1998.12.??"]
[EventType "tourn"]
[EventRounds "9"]
[EventCountry "ARG"]
[EventCategory "2"]
[SourceTitle "EXT 2002"]
[Source "ChessBase"]
[SourceDate "2001.11.25"]
[SourceVersion "1"]
[SourceVersionDate "2001.11.25"]
[SourceQuality "1"]

1. e4 e5 2. Nf3 Nc6 3. Bb5 a6 4. Ba4 Nf6 5. 0-0 Be7 6. Bxc6 dxc6 7. Qe1 Nd7 8. b3 0-0 9. Bb2 f6 10. d4 exd4 11. Nxd4 Ne5 12. f4 Bc5 13. Qc3 Ba7 14. fxe5 fxe5 15. Qc4+ Kh8 16. Nd2 exd4 17. Rxf8+ Qxf8 18. Rf1 Qe8 19. Bxd4 Be6 20. Qc3 Bxd4+ 21. Qxd4 Rd8 22. Qe3 Qe7 23. Nf3 c5 24. Qg5 Qxg5 25. Nxg5 Bg8 26. c4 Rd7 27. Rf8 Re7 28. Rb8 h6 29. Nf3 b6 30. Nd2 Rd7 31. Nf1 g5 32. Ne3 Kh7 33. Nd5 Bxd5 34. exd5 Kg6 35. Ra8 a5 36. Kf2 Kf6 37. Rh8 Kg7 38. Re8 Kf7 39. Re6 Rd6 1/2-1/2